1001 1683 1520 1850 1461 1800 1884 1015 1704 1786 1960 1680 1780 1798 1391 1395 1056 1429 1887 1192 1479 1090 1529 1175 1340 1909 1611 1595 1965 1497 1708 1748 1972 1340 1456 1205 1524 1296 1402 1286 1432 1041 1784 1432 1029 1103 1823 1501 1027 1652 1373 1417 1152 1951 1185 1296 1431 1659 1975 1963 1021 1741 1917 1638 1081 1427 1147 1352 1558 1854 1539 1359 1487 1184 1109 1464 1212 1975 1446 1072 1903 1982 1344 1348 1637 1645 1351 1144 1022 1298 1476 1262 1968 1818 1849 1941 1390 1800 1256 BCNSPRNW ULIB Ver.6.0+V

เปลี่ยนเป็นภาษาไทย

Change to English
 แสดงรายละเอียดบรรณานุกรม
  กลับหน้าหลัก

Brief Record : Get Marc (ISO 2709) : E-mail record : QR code < ปิดหน้าต่าง
LEADER : 00000nam 2200000uu 4500
001    13399110874
003     ULIB
008    110610s2552||||th 000 0 tha d
020    9789990010244
060 04 WS420^bว582ว 2552
245 00 เวชศาสตร์ปริกำเนิดในเวชปฏิบัติ /^cบรรณาธิการ, วิทยา ถิฐาพันธ์, นิศารัตน์ พิทักษ์วัชระ, ประทักษ์ โอประเสริฐสวัสดิ์
250    พิมพ์ครั้งที่ 2
260    กรุงเทพฯ :^bสมาคมเวชศาสตร์ปริกำเนิดแห่งประเทศไทย,^c2552
300    ก-ฎ, 258 หน้า :^bภาพประกอบ ;^c30 ซม.
650  7 กุมารเวชศาสตร์
650  7 ทารกแรกเกิด
650  7 ทารก, การดูแล
650  7 สูติศาสตร์
650  7 อนามัยแม่และเด็ก
653    ผลงานอาจารย์คณะแพทยศาสตร์ศิริราชพยาบาล
700 0  วิทยา ถิฐาพันธ์,^eบรรณาธิการ
700 0  นิศารัตน์ พิทักษ์วัชระ,^eบรรณาธิการ
700 0  ประทักษ์ โอประเสริฐสวัสดิ์,^eบรรณาธิการ
710 2  สมาคมเวชศาสตร์ปริกำเนิดแห่งประเทศไทย
945    ^p450^l0^i027933
945    ^p450^l0^i027760
945    ^p450^l0^i026818
945    ^p450^l0^i026816
945    ^p450^l0^i026817
995    ทศพร
999 ^a ใช้งานได้ทุกระบบ
รายการนี้ยังไม่มีแท็ก
คุณยังไม่ได้ล็อกอิน คุณสามารถมีกิจกรรมร่วมกับเว็บไซต์ได้ แต่ต้องล็อกอินก่อน ::
  ล็อกอิน

รายการสื่อสารสนเทศ

ลำดับที่ ประเภท เลขเรียก/บาร์โค้ด สถานที่ สถานะ
- ไม่พบข้อมูล -

รายการใกล้เคียง
    หัวเรื่อง [กุมารเวชศาสตร์]
    หัวเรื่อง [ทารกแรกเกิด]
    หัวเรื่อง [ทารก, การดูแล]
    หัวเรื่อง [สูติศาสตร์]
    หัวเรื่อง [อนามัยแม่และเด็ก]

BibComment


ยังไม่เคยถูกคอมเมนท์

คอมเมนท์ทรัพยากรรายการนี้
  คอมเมนท์: เวชศาสตร์ปริกำเนิ..


 Copyright 2026. Bcnsprnw @Library